000 00737nam a2200241Ia 4500
001 dia_4216
003 CHAP
005 20251029165858.0
008 220117s1983 xx 000 0 und d
010 _a174857
040 _cCHAP
_amxchpua
_erda
090 _aFOLLETO 2718
100 _aAndrade Arias, José
_95638
245 _aEl cultivo de trigo bajo riego en Aguascalientes /
_c Jose Andrade Arias
260 _aMéxico :
_bSARH, Instituto nacional de investigaciones agrícolas,
_c1983
300 _a19 p.
500 _aD. (Folleto para productores, 4)
650 _aTrigo
_9114954
901 _aFOLLETO 2718
902 _aM
905 _a0000001983 mx 0000000000spa00
942 _cFOLL
_2local
999 _c174857
_d174857